ბათუმის შოთა რუსთაველის სახელმწიფო უნივერსიტეტის ბიბლიოთეკა

Технологические измерения и приборы пищевой промышленности. (ბიბ.ჩანაწერი № 47093)

000 -LEADER
fixed length control field 00770nam a2200217Ia 4500
001 - CONTROL NUMBER
control field 13950
003 - CONTROL NUMBER IDENTIFIER
control field GE_BSU
008 - FIXED-LENGTH DATA ELEMENTS--GENERAL INFORMATION
fixed length control field 181216s||||||||xx |||||||||||||| ||und||
040 ## - CATALOGING SOURCE
Transcribing agency GE_BSU
080 ## - UNIVERSAL DECIMAL CLASSIFICATION NUMBER
Universal Decimal Classification number 663/664
100 ## - MAIN ENTRY--PERSONAL NAME
Personal name Петров,И.К.
245 ## - TITLE STATEMENT
Title Технологические измерения и приборы пищевой промышленности.
245 ## - TITLE STATEMENT
Remainder of title Учебник.
245 ## - TITLE STATEMENT
Statement of responsibility, etc. Ред. Е.И.Якубович.
260 ## - PUBLICATION, DISTRIBUTION, ETC.
Place of publication, distribution, etc. М.
260 ## - PUBLICATION, DISTRIBUTION, ETC.
Name of publisher, distributor, etc. Пищевая промышленность.
260 ## - PUBLICATION, DISTRIBUTION, ETC.
Date of publication, distribution, etc. 1973.
300 ## - PHYSICAL DESCRIPTION
Extent 367 стр. 22см. с илл. Библиогр.: стр.362-363.
653 ## - INDEX TERM--UNCONTROLLED
Uncontrolled term Технологические измерения и приборы пищевой промышленности.
942 ## - ADDED ENTRY ELEMENTS (KOHA)
Koha item type წიგნი
ეგზემპლარები
Withdrawn status Lost status Damaged status Not for loan Date acquired Barcode Date last seen Price effective from Koha item type
        2018-12-17 12118 2018-12-17 2018-12-17 წიგნი